| 000 | 00569nam a2200181 4500 | ||
|---|---|---|---|
| 001 | 148467 | ||
| 003 | ES-MaACL | ||
| 005 | 20230906202644.0 | ||
| 007 | t| | ||
| 008 | 070214s1970 sp r ||||1| spa d | ||
| 100 | 1 |
_aStreicher, Hans-Joachim. _9108419 |
|
| 245 | 1 | 0 |
_aManual de indicaciones quirúrgicas / _cpor Hans-Joachim Streicher ; versión... H. Bozzi de Pelèz. |
| 250 | _a[1ª ed.]. | ||
| 260 |
_aBarcelona : _bToray, _c[1970] |
||
| 300 |
_aXII, 484 p. : _bil. ; _c25 cm. |
||
| 700 | 1 |
_aBozzi de Pélaez, H. _9126139 |
|
| 852 |
_aES-MaACL _jC-37340 _bR.75317 |
||
| 999 |
_c148467 _d148467 |
||